书目信息 |
| 题名: |
汉书要录(节选)历代名画记
|
|
| 作者: | 张彦远著 , 祝帅解读 | |
| 分册: | ||
| 出版信息: | 北京 中国国家图书馆出版社 2023.12 |
|
| 页数: | 519页 | |
| 开本: | 20cm | |
| 丛书名: | ||
| 单 册: | ||
| 中图分类: | Z121 | |
| 科图分类: | ||
| 主题词: | 丛书--中国 | |
| 电子资源: | ||
| ISBN: | 978-7-5013-8060-2 | |
| 000 | 00676nam0 2200193 450 | |
| 001 | 202512103731729844 | |
| 005 | 20251210105645.60 | |
| 010 | @a978-7-5013-8060-2@d104 | |
| 100 | @a20251210d km y0chiy0120 ea | |
| 101 | 0 | @achi |
| 200 | 1 | @a汉书要录(节选)历代名画记@AHan Shu Yao Lu(Jie Xuan)Li Dai Ming Hua Ji@f张彦远著,祝帅解读@FZhang Yan Yuan Zhu,Zhu Shuai Jie Du |
| 210 | @a北京@c中国国家图书馆出版社@d2023.12 | |
| 215 | @a519页@d20cm | |
| 606 | 0 | @a丛书@x中国 |
| 690 | @aZ121@v4 | |
| 701 | 0 | @a张彦远著@AZhang Yan Yuan Zhu |
| 701 | 0 | @a祝帅解读@AZhu Shuai Jie Du |
| 801 | 0 | @aCN@b大连网信软件有限公司图书馆·11@c20251210 |
| 905 | @aZUCC@b1440161@dZ121@e3530:64@f214401618 | |
| 汉书要录(节选)历代名画记/张彦远著,祝帅解读.-北京:中国国家图书馆出版社,2023.12 |
| 519页;20cm |
| ISBN 978-7-5013-8060-2:104 |
| ● |
| 相关链接 |
|
|
|
|
正题名:汉书要录(节选)历代名画记
索取号:Z121/3530:64
 
预约/预借
| 序号 | 登录号 | 条形码 | 馆藏地/架位号 | 状态 | 备注 |
| 1 | 1440161 | 214401618 | 第二样本阅览室/ [索取号:Z121/3530:64] | 在馆 |